|
|
|
|
| LEADER |
01352nam a22003732a 4500 |
| 001 |
001601855 |
| 003 |
CZ BrMZK |
| 005 |
20180323133803.0 |
| 007 |
ta |
| 008 |
171031s1970 ru er||||||||||drus d |
| 040 |
|
|
|a BOA001
|b cze
|e aacr2
|
| 045 |
|
|
|a w2w9
|
| 072 |
|
7 |
|a 821.161.1.09
|x Ruská literatura (o ní)
|2 Konspekt
|9 11
|
| 080 |
|
|
|a 821.161.1-1-051
|2 MRF
|
| 080 |
|
|
|a 821.161.1-1
|2 MRF
|
| 080 |
|
|
|a 82.07
|2 MRF
|
| 080 |
|
|
|a (049)
|2 MRF
|
| 100 |
1 |
|
|a Ozerov, Lev Adol‘fovič,
|d 1914-1996
|7 jx20041130001
|4 aut
|
| 245 |
1 |
0 |
|a A.A. Fet :
|b (o masterstve poeta) /
|c Lev Adol'fovič Ozerov
|
| 260 |
|
|
|a Moskva :
|b Znanije,
|c 1970
|
| 300 |
|
|
|a 31 s.
|
| 490 |
1 |
|
|a Novoje v žizni, nauke, technike. Literatura ;
|v 7, 1970
|
| 600 |
1 |
7 |
|a Fet, Afanasij Afanas'jevič,
|d 1820-1892
|7 jn19981001056
|2 czenas
|
| 648 |
|
4 |
|a 1820-1892
|
| 648 |
|
7 |
|a 19. století
|7 ch460557
|2 czenas
|
| 650 |
0 |
7 |
|a ruští básníci
|7 ph125354
|y 19. století
|2 czenas
|
| 650 |
0 |
7 |
|a ruská poezie
|7 ph125331
|y 19. století
|2 czenas
|
| 650 |
0 |
7 |
|a interpretace a přijetí literárního díla
|7 ph137145
|2 czenas
|
| 655 |
|
7 |
|a pojednání
|7 fd133056
|2 czenas
|
| 830 |
|
0 |
|a Novoje v žizni, nauke, technike.
|p Literatura
|
| 910 |
|
|
|a BOA001
|b X-0648.141
|
| 990 |
|
|
|a BK
|
| 991 |
|
|
|b 201710
|
| 996 |
7 |
|
|b 2618914361
|c X-0648.141
|l MZK
|r Sklad / do 24 hodin
|n 0
|w 001637096
|u 000010
|a 1
|e BOA001
|j MZK50
|s A
|